000 00755nam a2200217Ii 4500
003 JO-AjNU
008 230605s9999||||xx |||||||||||||| ||und||
017 _a2004/3/592
040 _aJO-AjNU
_bara
_erda
_cJO-AjNU
041 _aara
050 1 4 _aBF431.I5712.2004
100 3 _aمحمود،عكاشة عبد المنان ,
_eauthor
_921596
245 0 0 _aالإختبارات النفسية تساعدنا على معاشرة اطفالنا
250 _aط1
264 3 1 _aعمان:الاخوة للنشر والتوزيع ،2004
300 _a184ص
336 _atext
_btxt
_2rdacontent
337 _aunmediated
_bn
_2rdamedia
338 _avolume
_bnc
_2rdacarrier
650 4 _aاختبارات نفسية-اطفال-علم نفس-تربية
_921597
999 _aA7528
_c11096
_d11096